Sports Quiz

Random Sports or WWE Quiz

WWE Tag Team Champions Quiz Stats

 Plays Quiz Updated Dec 30, 2019

Support Sporcle.
Go Orange.
Score 0/170 Timer 08:00
19 Plays Today
Date Team % Correct
October 12, 2020Kofi Kingston
92.1%
March 15, 2021Kofi Kingston
91.5%
October 12, 2020Xavier Woods
90.3%
March 15, 2021Xavier Woods
89.5%
April 26, 2015Kofi Kingston
88.1%
August 23, 2015Kofi Kingston
88.1%
April 26, 2015Big E
87.1%
August 23, 2015Big E
87.1%
April 26, 2015Xavier Woods
85.7%
August 23, 2015Xavier Woods
85.7%
November 5, 2002Edge
83.3%
June 28, 2009Edge
83.3%
April 27, 2018Matt Hardy
82.8%
January 20, 2020Seth Rollins
82.7%
September 16, 2012Kane
82.4%
October 22, 2018Seth Rollins
82.2%
August 19, 2019Seth Rollins
82.2%
April 2, 2017Jeff Hardy
80.9%
April 2, 2017Matt Hardy
80.8%
August 20, 2017Seth Rollins
79.8%
December 25, 2017Seth Rollins
79.8%
July 26, 2009The Big Show
79.4%
November 23, 2014The Miz
79.3%
January 28, 2018Sheamus
77.8%
January 28, 2018Cesaro
77.6%
October 22, 2018Dean Ambrose
76.6%
June 28, 2009Chris Jericho
76%
July 26, 2009Chris Jericho
76%
August 28, 2007Matt Hardy
75.9%
December 18, 2016Sheamus
75.4%
December 18, 2016Cesaro
75.2%
June 4, 2017Sheamus
74.9%
November 6, 2017Sheamus
74.9%
May 19, 2013Seth Rollins
74.8%
June 4, 2017Cesaro
74.6%
November 6, 2017Cesaro
74.6%
August 20, 2017Dean Ambrose
74.3%
February 22, 2015Cesaro
74.2%
December 29, 2014Jimmy Uso
73.6%
December 29, 2014Jey Uso
73.5%
November 5, 2002Rey Mysterio
73.4%
December 7, 2004Rey Mysterio
73.4%
February 20, 2005Rey Mysterio
73.4%
December 13, 2005Rey Mysterio
73.4%
March 3, 2014Jimmy Uso
73.3%
March 3, 2014Jey Uso
73.2%
May 19, 2013Roman Reigns
72.8%
November 13, 2007The Miz
72.3%
December 20, 2020Shelton Benjamin
70.7%
February 8, 2010The Big Show
69.9%
April 27, 2018Bray Wyatt
69.6%
April 10, 2021AJ Styles
69.4%
September 3, 2018Dolph Ziggler
68.4%
September 15, 2019Dolph Ziggler
68.4%
September 16, 2012Daniel Bryan
68.2%
February 8, 2010The Miz
67.4%
November 17, 2002 Eddie Guerrero
67.2%
Date Team % Correct
September 16, 2003Eddie Guerrero
67.2%
May 18, 2003Eddie Guerrero
66.6%
February 20, 2005Eddie Guerrero
66.6%
April 22, 2011The Big Show
66.5%
August 22, 2011Kofi Kingston
66.5%
April 30, 2012Kofi Kingston
66.5%
April 22, 2011Kane
65.6%
November 17, 2002 Chavo Guerrero
65.6%
September 16, 2003Chavo Guerrero
65.6%
April 18, 2005Johnny Nitro
65%
October 25, 2005Johnny Nitro
65%
December 27, 2005Johnny Nitro
65%
October 20, 2002Kurt Angle
63.6%
December 13, 2005Batista
63.3%
February 22, 2015Tyson Kidd
63.1%
October 20, 2002Chris Benoit
63%
February 21, 2011 The Miz
62.8%
April 10, 2021Omos
62.8%
October 14, 2013Goldust
62.7%
December 13, 2009Triple H
62.7%
September 21, 2014Stardust
62.6%
September 21, 2014Goldust
62.4%
August 19, 2019Braun Strowman
62.4%
October 14, 2013Cody Rhodes
62.3%
November 13, 2007John Morrison
62%
October 24, 2010John Cena
61.9%
February 21, 2011 John Cena
61.9%
September 3, 2018Drew McIntyre
59%
December 20, 2020Cedric Alexander
58%
January 20, 2020Murphy
57.5%
December 10, 2018Bobby Roode
57.5%
September 15, 2019Bobby Roode
57.5%
March 2, 2020Montez Ford
57.2%
April 8, 2018Braun Strowman
56.5%
March 2, 2020Angelo Dawkins
56.4%
December 25, 2017Jason Jordan
56.3%
December 13, 2009Shawn Michaels
55.3%
October 14, 2019Ivar
53.8%
January 29, 2017Luke Gallows
53.2%
January 29, 2017Karl Anderson
52.1%
April 18, 2005Joey Mercury
52.1%
October 25, 2005Joey Mercury
52.1%
December 27, 2005Joey Mercury
52.1%
June 15, 2004Buh Buh Ray Dudley
51.2%
June 15, 2004D-Von Dudley
51.1%
April 30, 2012R-Truth
50.6%
July 29, 2019Luke Gallows
50.5%
July 29, 2019Karl Anderson
50.5%
April 26, 2010Tyson Kidd
50.1%
February 4, 2003Shelton Benjamin
49.7%
July 1, 2003Shelton Benjamin
49.7%
September 19, 2010'Dashing' Cody Rhodes
49.6%
December 10, 2018Chad Gable
48.7%
October 14, 2019Erik
47.6%
February 11, 2019Scott Dawson
46.7%
June 10, 2019Scott Dawson
46.7%
February 11, 2019Dash Wilder
46.6%
Date Team % Correct
June 10, 2019Dash Wilder
46.6%
November 23, 2014Damien Mizdow
46.1%
January 26, 2014Billy Gunn
45.7%
July 15, 2018Curtis Axel
45.7%
August 28, 2007Montel Vontavious Porter
45.7%
January 26, 2014Road Dogg
44.8%
April 7, 2019Zack Ryder
44.7%
February 4, 2003Charlie Haas
44.5%
July 1, 2003Charlie Haas
44.5%
January 15, 2012Primo
44.4%
April 8, 2018Nicholas
44%
October 25, 2010Heath Slater
43.9%
February 20, 2011Heath Slater
43.9%
February 21, 2011Heath Slater
43.9%
April 26, 2010David Hart Smith
43.3%
December 7, 2004Rob Van Dam
43.2%
April 20, 2004Charlie Haas
42.8%
January 15, 2012Epico
42.4%
April 7, 2019Curt Hawkins
42.4%
August 22, 2011Evan Bourne
42%
June 14, 2015Titus O'Neil
41.7%
June 14, 2015Darren Young
41.5%
July 15, 2018Bo Dallas
41.3%
September 21, 2008Primo Colón
41%
October 24, 2010David Otunga
39.5%
May 23, 2011David Otunga
39.5%
October 25, 2010Justin Gabriel
39.5%
February 20, 2011Justin Gabriel
39.5%
February 21, 2011Justin Gabriel
39.5%
September 21, 2008Carlito Colón
39%
July 6, 2004Paul London
37.7%
May 21, 2006Paul London
37.7%
November 5, 2018Akam
37.2%
November 5, 2018Rezar
37.2%
May 21, 2006Brian Kendrick
37.1%
September 19, 2010Drew McIntyre
34.7%
May 18, 2003Tajiri
32.2%
October 21, 2003Doug Basham
31.2%
January 11, 2005Danny Basham
31.2%
January 11, 2005Doug Basham
31.3%
July 20, 2008Zack Ryder
31%
October 21, 2003Danny Basham
30.7%
February 3, 2004Rikishi
28.9%
July 20, 2008Curt Hawkins
28.7%
April 20, 2004Rico
26.9%
July 6, 2004Billy Kidman
26.6%
April 17, 2007Domino
26.5%
April 17, 2007Deuce
26.3%
February 3, 2004Scotty 2 Hotty
24.9%
September 7, 2004René Duprée
24.2%
July 24, 2005Road Warrior Animal
23.9%
May 23, 2011Michael McGillicutty
23.7%
December 6, 2010Santino Marella
23.4%
July 24, 2005Heidenreich
20.9%
December 6, 2010Vladimir Kozlov
20.4%
September 7, 2004Kenzo Suzuki
20.3%

From the Vault

Anatomy of a Turkey

by bhenderson79

Holiday 2m
The only parts we usually worry about are white meat and dark meat.
Remove Ads.
Support Sporcle.
Get the best of Sporcle when you Go Orange. This ad-free experience offers more features, more stats, and more fun while also helping to support Sporcle. Thank you for becoming a member.

Show Comments

Extras

Top Quizzes Today


Score Distribution

Your Account Isn't Verified!

In order to create a playlist on Sporcle, you need to verify the email address you used during registration. Go to your Sporcle Settings to finish the process.

Report this User

Report this user for behavior that violates our Community Guidelines.

Details: